NLL Team Logos - Statistics

General Stats
  • This quiz has been taken 226 times
    55 since last reset
  • The average score is 12 of 14
Answer Stats
Picture Answer % Correct
Buffalo Bandits
97%
Colorado Mammoth
97%
Philadelphia Wings
92%
Toronto Rock
89%
Ottawa Black Bears
87%
San Diego Seals
87%
Albany Firewolves
82%
Halifax Thunderbirds
82%
Las Vegas Desert Dogs
82%
Georgia Swarm
79%
Calgary Roughnecks
76%
Saskatchewan Rush
76%
Rochester Knighthawks
74%
Vancouver Warriors
74%
No matching quizzes found
Score Distribution
Percent of People with Each Score
Percentile by Number Answered
Your Score History
You have not taken this quiz since the last reset